00322nam a2200133Ia 4500003000400000008004100004082001700045100002100062245003500083260001900118300000800137650001600145700002700161OSt191201s2017 xx 000 0 und d a621.382bSTS aSTREETMAN, Ben G 0aSolid State Electronic Devices bPearsonsc2017 a624 aB.Tech(ECE) aBANERJEE, Sanjay kumar